01218 2200181 4500001002100000005001500021035002000036245008700056100001200143250001700155300003000172260003900202082000800241084001500249020002200264600001300286520073700299INLIS00000000000083820250109104027 a0010-01250000111 aEnsiklopedia Ilmu Pengetahuan Populer :bSegala Sesuatu Tentang Samudra /cSucipto0 aSucipto acetakan ke-1 a56 hlm :bIlus ;c21,5 cm aBekasi :bUranus Publishing,c2011 a503 a503 SUC e a978-602-863-719-0 4akelautan aSegala Sesuatu Tentang SAMUDRA Samudra-samudra di dunia penuh dengan kehidupan, dari plankton mikroskopis sampai paus biru raksasa, mahluk terbesar yang pernah hidup. Buku Seri Segala Sesuatu Tentang Samudra men- gajakmu melakukan perjalanan bawah air yang men- gasyikan. Kamu akan mengetahui tentang dataran terumbu karang yang indah, mengapa ada laut yang bernama Laut Mati dan Laut Merah. Apapun yang berhubungan dengan olahraga air akan kalian dapatkan di sini. Melihat kapal- Kapal laut dan perahu-perahu yang luarbiasa pun akan kalian temukan. Disertai dengan gambar-gam- bar yang menarik disetiap halaman membuat kalian akan semakin menyukai buku ini. Selamat bertualang di bawah air yang seru dan mendebarkan!